000 02040nam a22004212 4500
001 0000025344
005 20151217154518.0
008 150721s xx 000 0 eng d
020 _a9966031112 :
040 _aKABU
_cKABU
100 1 _aOkumu, Jennifer Wengi.
_@0000185984
245 1 0 _aWeeding the millet field :
_b women's law and grassroots justice in Uganda /
_cby Jennifer Okumu Wengi.
260 _aNairobi :
_bLaw Africa publishing (K) Ltd,
_c2011.
300 _axviv, 281 p.
650 0 _aWomen
_xLegal status, laws, etc.
_@0000185985
650 0 _aWomen
_xSocial conditions
_zUganda.
_@0000185986
852 1 _9p2300 KES
852 1 _9p2300 KES
852 1 _9p2300 KES
852 1 _9p2300 KES
852 1 _9p2300 KES
852 1 _9p2300 KES
852 1 _9p2300 KES
852 1 _9p2300 KES
852 1 _9p2300 KES
852 1 _9p2300 KES
852 1 _9p2300 KES
852 1 _9p2300 KES
852 1 _9p2300 KES
852 1 _9p2300 KES
852 1 _9p2300 KES
852 1 _9p2300 KES
852 1 _9p2300 KES
852 1 _9p2300 KES
852 1 _9p2300 KES
908 _a150721
950 _@1
999 _c11646
_d11646